Проект мобильного приложения для оценки результатов проектной деятельности студентов; Прогрессивные технологии и экономика в машиностроении

書誌詳細
Parent link:Прогрессивные технологии и экономика в машиностроении.— 2023.— [С. 237-239]
第一著者: Рожков Д. А.
団体著者: Национальный исследовательский Томский политехнический университет Юргинский технологический институт
その他の著者: Разумников С. В. Сергей Викторович (научный руководитель)
要約:Заглавие с экрана
В данной статье рассматривается проект мобильного приложения для оценки результатов проектной деятельности студентов. Программный продукт позволит рассчитать итоговый балл за выполнение проекта с учетом коэффициента участия каждого студента, сводной оценки экспертной комиссии и взаимной оценки студентами друг друга. В качестве экспертной комиссии выступают заказчики проекта, а также эксперты из предметной области.
This article follows project applications for evaluating the results of students' project activities. The program result allows you to calculate the scores for the implementation of the project, taking into account the enrollment ratio of each student, the summary expert assessment of the commission and the mutual assessment of each other's students. Customers of the project, as well as experts from the subject area, act as an expert commission.
言語:ロシア語
出版事項: 2023
シリーズ:Информационные технологии, экономика, управление
主題:
オンライン・アクセス:http://earchive.tpu.ru/handle/11683/76176
フォーマット: 電子媒体 図書の章
KOHA link:https://koha.lib.tpu.ru/cgi-bin/koha/opac-detail.pl?biblionumber=635659

MARC

LEADER 00000naa2a2200000 4500
001 635659
005 20231218175111.0
035 |a (RuTPU)RU\TPU\conf\37516 
035 |a RU\TPU\conf\37515 
090 |a 635659 
100 |a 20230516d2023 k y0rusy50 ca 
101 0 |a rus 
102 |a RU 
105 |a y z 101zy 
135 |a drgn ---uucaa 
181 0 |a i  
182 0 |a b 
200 1 |a Проект мобильного приложения для оценки результатов проектной деятельности студентов  |f Д. А. Рожков  |g науч. рук. С. В. Разумников 
203 |a Текст  |c электронный 
225 1 |a Информационные технологии, экономика, управление 
300 |a Заглавие с экрана 
320 |a [Библиогр.: с. 239 (2 назв.)] 
330 |a В данной статье рассматривается проект мобильного приложения для оценки результатов проектной деятельности студентов. Программный продукт позволит рассчитать итоговый балл за выполнение проекта с учетом коэффициента участия каждого студента, сводной оценки экспертной комиссии и взаимной оценки студентами друг друга. В качестве экспертной комиссии выступают заказчики проекта, а также эксперты из предметной области. 
330 |a This article follows project applications for evaluating the results of students' project activities. The program result allows you to calculate the scores for the implementation of the project, taking into account the enrollment ratio of each student, the summary expert assessment of the commission and the mutual assessment of each other's students. Customers of the project, as well as experts from the subject area, act as an expert commission. 
463 0 |0 (RuTPU)RU\TPU\conf\37447  |t Прогрессивные технологии и экономика в машиностроении  |o сборник трудов XIV Всероссийской научно-практической конференции для студентов и учащейся молодежи, 6-8 апреля 2023 г., Юрга  |f Национальный исследовательский Томский политехнический университет (ТПУ), Юргинский технологический институт (ЮТИ) ; под ред. С. А. Солодского  |v [С. 237-239]  |d 2023 
610 1 |a электронный ресурс 
610 1 |a труды учёных ТПУ 
610 1 |a проектная деятельность 
610 1 |a мобильные приложения 
610 1 |a оценка результатов 
610 1 |a учет 
610 1 |a анализ 
610 1 |a студенты 
610 1 |a mobile application 
610 1 |a project activity 
610 1 |a evaluation of results 
610 1 |a accounting 
610 1 |a analysis 
700 1 |a Рожков  |b Д. А. 
702 1 |a Разумников  |b С. В.  |c специалист в области информатики и вычислительной техники  |c доцент Юргинского технологического института (филиала) Томского политехнического университета, кандидат технических наук  |f 1988-  |g Сергей Викторович  |4 727 
712 0 2 |a Национальный исследовательский Томский политехнический университет  |b Юргинский технологический институт  |c (2009- )  |3 (RuTPU)RU\TPU\col\15903 
801 2 |a RU  |b 63413507  |c 20230615  |g RCR 
856 4 |u http://earchive.tpu.ru/handle/11683/76176 
942 |c BK